| 000 | 00893nam a2200241 a 4500 | ||
|---|---|---|---|
| 001 | 40617 | ||
| 003 | BD-RjUL | ||
| 005 | 20211209053243.0 | ||
| 008 | 160507s1994 ii ||||| |||| 00| 0 ben d | ||
| 020 | _c: IRs.40.00 | ||
| 035 | _a(BD-RjUL)40732 | ||
| 040 |
_aBD-RjUL _bben _cBD-RjUL |
||
| 041 | _aben | ||
| 082 |
_223 _a297.63 _bISJ 1994 |
||
| 100 |
_aইসলাম, মুহাম্মদ নুরুল _9124995 |
||
| 245 | 1 | 0 |
_aজগদ্গুরু মুহাম্মদ (দঃ) / _cমুহাম্মদ নুরুল ইসলাম |
| 250 | _a১ম সং. | ||
| 260 |
_aকলিকাতা : _bমল্লিক ব্রাদার্স, _c১৯৯৪ |
||
| 300 |
_a[১২], ১৭২ পৃ. ; _c২২ সেমি. |
||
| 600 |
_aমুহাম্মদ _cনবী _d৬৩২ _9125595 |
||
| 600 |
_aMohammad _cprophet _d632 _9125596 |
||
| 942 |
_2ddc _cBK |
||
| 999 |
_c40617 _d40617 |
||